Di chi è questa canzone?-Facile - Statistics

Statistiche generali
  • Questo quiz è stato fatto 554 volte
  • Il punteggio medio è 11 su 20
Statistiche sulle risposte
Hint Risposta % Corretto
Yellow Submarine Beatles
90%
Don't stop me now Queen
87%
Rap God Eminem
83%
Believer Imagine Dragons
76%
Stayin' alive Bee Gees
74%
Another brick in the wall Pink Floyd
71%
Rocket man Elton John
69%
Smell like teen spirit Nirvana
65%
Bad Micheal Jackson
63%
Californication Red Hot Chili Peppers
63%
Sweet child o'mine Guns 'n Roses
60%
Stairway to Heaven Led Zeppelin
53%
Should I stay or Should I go Clash
43%
Seven Nations Army White Stripes
37%
Rosanna Toto
35%
Crazy Train Black Sabbath
30%
Shout Tears for Fears
24%
No one knows Queens of the Stone Age
21%
My Generation Who
19%
Detroit rock city Kiss
18%
Nessun quiz corrispondente trovato
Distribuzione punteggi
Percentuale di utenti per punteggio
Percentile per numero di risposta
I tuoi punteggi nel tempo
Non hai fatto questo quiz